Reverse engineering: technology of reinvention (Record no. 116039)

MARC details
000 -LEADER
fixed length control field 00227 a2200097 4500
020 ## - INTERNATIONAL STANDARD BOOK NUMBER
International Standard Book Number 9781041255062
100 ## - MAIN ENTRY--PERSONAL NAME
Personal name Wego Wang
245 ## - TITLE STATEMENT
Title Reverse engineering: technology of reinvention
260 ## - PUBLICATION, DISTRIBUTION, ETC. (IMPRINT)
Name of publisher, distributor, etc CRC Press
Date of publication, distribution, etc 2026
942 ## - ADDED ENTRY ELEMENTS (KOHA)
Koha item type On order/under processing
Holdings
Withdrawn status Lost status Damaged status Not for loan Home library Current library Date acquired Source of acquisition Cost, normal purchase price Total Checkouts Barcode Date last seen Cost, replacement price Price effective from Koha item type
        University Library University Library 18/03/2026 146 1036.00   00098113 18/03/2026 1295.00 18/03/2026 On order/under processing
University Library, CUSAT